000 00295nam a22001337a 4500
008 170202b xxu||||| |||| 00| 0 eng d
020 _a9780205307777
041 _aeng
080 _a61
100 _a3
101 _aSHM
245 _aCOMUNICATING FOR BETTER HEALTH
_cBECK CH.S
942 _2udc
_cBK
999 _c4261
_d4261